000 00278 a2200121 4500
001 123055
020 _a9780545251099
040 _cEscola Canadense de Niteroi
100 _aJoão Ubaldo Ribeiro
245 1 0 _aViva o povo brasileiro
490 0 _aponto de leitura
942 _cBK
999 _c123055
_d123055